MDQL
is popping MORE tags! Check the
thread
!
Quizzes
Events
Quiz Creation
Community
Videos
Private Events
Remove Ads
Sign In
Join for FREE
Feedback
Dark Mode
Quiz Categories
Sports
Geography
Music
Movies
Television
Just For Fun
Miscellaneous
History
Literature
Language
Science
Gaming
Entertainment
Religion
Holiday
For Kids
Quiz Lab
Recent
Popular Today
Quiz Kudos Today
Editor Picks
Curator Picks
Quizzes by...
Day
Popularity
Type
Ratings
Length
Year
Community
Subscriptions
Recent Discussions
Orange Saloon
Badges
Playlists
Quests
Create
Leaderboards
Showdown
Live 5
Trivia Bingo
Activity
Puzzle Library
Sporcle Events
Private Events
Virtual Trivia
Globe League
Become a Host
Pub Owners
SporcleCon
Opinionation
Our Games
Videos
Blog
Mobile Apps
Partnerships
Remove Ads and Go Orange
Feedback
Sports
Athletes
MLB
NBA
NHL
NFL
Soccer
Sports Teams
WWE
NCAA
Football
Premier League
Basketball
Baseball
Hockey
Golf
Tennis
Cricket
Rugby
Auto Racing
Olympics
World Cup
Sports
Athletes
MLB
NBA
NHL
NFL
Soccer
Sports Teams
WWE
NCAA
Football
Premier League
Basketball
Baseball
Hockey
Golf
Tennis
Cricket
Rugby
Auto Racing
Olympics
World Cup
Random Quiz
Search Sporcle
×
Quiz Lab
Quiz Lab
Sports
Basketball
Type in answers that appear in a list
Type in answers that appear in a list
Classic
Best Score? Go Orange.
Brick! Most 3-Point misses Stats
Can you name the NBA players who have missed the most 3 pointers?
By
polixenes
6m
40 Questions
313 Plays
313 Plays
313 Plays
Comments
Comments
Give Quiz Kudos
Give Quiz Kudos
-
- Ratings
hide this ad
More Info
Replay
Link that replays current quiz
Next Quiz
Link to next quiz in quiz playlist
You Got
0%
They Got
Avg Score
38%
Avg Friend Score
Upgrade to see
Score Distribution
Jump to the score distribution portion of the page
Score
0/40
Timer
06:00
0
Plays Today
# of misses
Player
% Correct
2. 3732*
Ray Allen
93%
1. 3926
Reggie Miller
86.3%
13. 2526*
Kobe Bryant
81.5%
3. 3100*
Jason Kidd
72.2%
16. 2509*
Paul Pierce
66.1%
29. 2181*
Vince Carter
58.5%
24. 2324*
Allen Iverson
58.1%
10. 2553*
Peja Stojakovic
49.5%
40. 2041*
Tracy McGrady
49.2%
37. 2060
Steve Smith
47.6%
15. 2510*
Chauncey Billups
46.3%
17. 2467*
Jason Terry
42.8%
9. 2601
Eddie Jones
42.2%
18. 2462*
Rashard Lewis
41.9%
4. 2878
Antoine Walker
40.9%
11. 2547
Dale Ellis
40.9%
23. 2337
Glen Rice
40.6%
5. 2803
Tim Hardaway
39.6%
26. 2229*
Mike Bibby
39.6%
8. 2610*
Baron Davis
38%
# of misses
Player
% Correct
14. 2518*
Jason Williams
36.1%
20. 2438
Gary Payton
35.5%
33. 2095*
Jason Richardson
32.9%
34. 2095
Rasheed Wallace
31%
21. 2426*
Michael Finley
30%
38. 2057
Stephon Marbury
29.4%
35. 2091
Mitch Richmond
28.8%
22. 2369
John Starks
26.2%
36. 2063
Terry Porter
24.9%
32. 2127*
Jerry Stackhouse
24.6%
30. 2168
Latrell Sprewell
24%
25. 2262
Clifford Robinson
23.6%
19. 2438
Dan Majerle
23%
39. 2047
Brent Barry
21.1%
28. 2192*
Jamal Crawford
20.8%
27. 2228
Damon Stoudamire
20.4%
12. 2533
Mookie Blaylock
18.8%
7. 2675
Vernon Maxwell
14.1%
31. 2150
Chuck Person
12.8%
6. 2750
Nick Van Exel
6.1%
Quiz Playlist
Details
Report
Send in Message
Add To Playlist
More Info:
* denotes active player
Classic:
Type in answers that appear in a list
Quiz Source
Last Updated: Feb 16, 2017
Quiz Scoreboard
CHALLENGE
Sign Up to Join the Scoreboard
Show All
Scores
Hide
Comments
May contain spoilers
Recently Published
Holiday 10x10 Sorting Gallery
by lukepisani3
Holiday
15m
Two Season TV Shows II
by 123Four
Television
10m
Image Sorting: Flags VI
by Barbecue
Geography
2m
More to Explore
Quiz From the Vault
Featured Blog Post
14 Easter Pick-up Lines to Find Eggs With
hide this ad
You Might Also Like...
Tags
Basketball Quiz
NBA Quiz
3 Point
Missed
Today's Top Quizzes in Sports
Browse Sports
hide this ad
Today's Top Quizzes in Basketball
Browse Basketball
Top Contributed Quizzes in Sports
1
Les meilleurs buteurs des matchs entre le PSG et l’OM
2
Les entraîneurs de l'OM et du PSG au 21e siècle
3
2022 World Cup Stars
4
Players with Multiple 50 Home Run Seasons
5
Les joueurs passés par le PSG et l'OM
6
FIFA Club World Cup Champions
7
Top 10 NHL Goal Scorers of All Time
8
Criteria MLB: Left Handed Sluggers
9
Les joueurs passés par le LOSC et le RC Lens
10
2023 MLB Unique Player Accomplishments
Explore More
Trending Topics
Disney
Marvel
Crossword
Anime
NBA
Kpop
Harry Potter
Pokémon
NFL
WWE
Song
Soccer
Country
The Office
Puzzle
hide this ad
More By:
polixenes
Quiz
Plays
Rating
Category
Featured
Created
Most Consumed Seafood (US)
90,149
3.85
Miscellaneous
Sep 13, 2011
Most Points in an NBA Playoff Game
49,070
4.70
Sports
Aug 17, 2010
NBA - College Alumni Earnings
18,039
4.63
Sports
Feb 8, 2012
Top 10 NBA Salaries Last Ten Years
2,596
4.45
Sports
Oct 11, 2010
Geography according to the Simpsons
2,097
4.26
Geography
Aug 8, 2011
Go to Creator's Profile
Score Distribution
Quiz Creator Spotlight
polixenes
Follow
Send a Message
Quizzes Created
-
Created Quiz Play Count
-
More By This Creator
Popular Quizzes Today
1
Find the US States - No Outlines Minefield
2
Colored Red Africa Blitz
3
Find the 'City' Movie
4
The Countries of the World
5
Find the US States
6
5x2 Blitz: Bands
7
Find the Countries of Europe - No Outlines Minefield
8
US States
More Sports Quizzes
Defunct NHL Team Logos
Editor's Pick
Trending Quizzes
Colored Red Europe Blitz I
Colored Red Europe Blitz II
Colored Red Africa Blitz II
Colored Red Europe Blitz III
Colored Red Africa Blitz III
Recently Updated
Odd Team Out - Big 4 Players
pecheneg
Quick Pick: 20 Twenties
pecheneg
March Madness Men's Triple Doubles
pecheneg
How Do You Spell That?
pecheneg
Godzilla Movies
pecheneg
Grab Bag: 4-10 Letters
pecheneg
2024 March Madness Bracket
pecheneg
Famous TV Couples
Peacemaker
Champions League XIs: Real Madrid
pecheneg
Largest US Cities 1790-2010
pecheneg
Trending Topics
Harry Potter
Kpop
Disney
NBA
Crossword
Anime
Marvel
Pokémon
Soccer
The Office
Puzzle
WWE
NFL
Country
Song
Your Account Isn't Verified!
In order to create a playlist on Sporcle, you need to verify the email address you used during registration. Go to your
Sporcle Settings
to finish the process.
Report this User
Report this user for behavior that violates our
Community Guidelines
.
Details:
Send Report
Go to the Sporcle.com Mobile Site →
Comments